000 01264nam a2200325 i 4500
003 EG-GICUC
005 20260429125636.0
008 260429s2015 ua fr|||| 00| 0 ara d
040 _a EG-GICUC
_bara
_c EG-GICUC
_d EG-GICUC
_erda
041 _aara
082 0 4 _221
_a345.31
_bح س . ت
092 0 4 _221
099 _alaw1 07 345.31 ح س . ت 2015
100 1 _aشاهين، حسن علي
_eمؤلف.
245 1 2 _a التحريات الأمنية في مجال الضبط الإداري في مصر وفرنسا/
_cتأليف دكتور حسن علي شاهين.
246 _al'enquêtes policière dans le droit administratif français et egyptien
264 1 _aالقاهرة :
_bدار النهضة العربية،
_c2015.
300 _a311 صفحة؛
_c24 سم
336 _2rda content
_atext
337 _2rda media
_aComputer
338 _2rda carrier
_aOnline Resource
504 _aيشتمل على إرجاعات ببليوجرافية وكشاف.
546 _aالنص باللغة العربية
650 1 _aالقانون الإداري
_2qrmak
650 1 _aالضبط الإداري
651 1 _2qrmak
856 4 0 _uhttps://fll.law.cu.edu.eg/fulltext/bks/B07-04834.pdf
905 _a167
942 _2ddc
_cBK
_e21
_n0
999 _c74194
_d74194